00840njm a2200241Ia 450000100060000000300090000600500170001500800410003204000130007304000130008604100110009910000110011010000180012110000380013924500580017725000110023526000110024626000560025730000100031350001640032350500600048765000510054725857IT-RoPAU20220918181119.0131025s9999 xx 000 0 und d aIT-RoPAU cIT-RoPAU aLATINO aAA.VV. eAutore musica gCodice autore musica SPICS: 12000 aPlanctus Mariae-In resurrectione Domini representatio a1a ed. aMILANO bMUSICA ANTIQUAc [1a Ed.: - Ed. Lingua Orig.: 1300] aDISCO aDrammi liturgici conservati nel Codice ci del Secolo XIV appartenente al Museo Archeologico di Cividade trascrizione di don Piero Damilano. Musica sacra antica aPlanctus Mariae - In resurrectione Domini representatio aLITURGICO [DISCHI]eCodice MATERIA SPICS: 9950